Statistics for U.S. States in Backwards Alphabetical Order

Click here to take the quiz!

General Stats

  • This quiz has been taken 17 times
  • The average score is 43 of 50

Answer Stats

Answer% Correct
Wyoming
100%
Oregon
93%
Pennsylvania
93%
Rhode Island
93%
South Carolina
93%
South Dakota
93%
Tennessee
93%
Texas
93%
Vermont
93%
Virginia
93%
Washington
93%
West Virginia
93%
Wisconsin
93%
Alabama
87%
Alaska
87%
Arkansas
87%
California
87%
Colorado
87%
Connecticut
87%
Delaware
87%
Florida
87%
Georgia
87%
Hawaii
87%
Idaho
87%
Illinois
87%
Indiana
87%
Iowa
87%
Kansas
87%
Kentucky
87%
Louisiana
87%
Oklahoma
87%
Utah
87%
Arizona
80%
Maine
80%
Maryland
80%
Nebraska
80%
Nevada
80%
New Hampshire
80%
New Mexico
80%
New York
80%
North Carolina
80%
North Dakota
80%
Ohio
80%
Massachusetts
73%
Michigan
73%
Minnesota
73%
Mississippi
73%
Missouri
73%
Montana
73%
New Jersey
73%

Score Distribution

Percentile by Number Answered

Percent of People with Each Score

Your Score History

You have not taken this quiz